[Event "Chelyabinsk"]
[Site "?"]
[Date "2019.01.13"]
[Round "2.9"]
[White "Kholopov, Alexander A."]
[Black "Frolov, Ivan"]
[Result "1-0"]
[BlackElo "2210"]
[WhiteElo "2211"]
[LiveChessVersion "1.4.8"]

1. c4 {[%clk 1:23:45]} Nf6 {[%clk 1:30:34]} 2. Nc3 {[%clk 1:23:49]} c5
{[%clk 1:30:25]} 3. Nf3 {[%clk 1:23:52]} g6 {[%clk 1:29:34]} 4. d4
{[%clk 1:22:56]} cxd4 {[%clk 1:29:24]} 5. Nxd4 {[%clk 1:23:11]} Bg7
{[%clk 1:28:38]} 6. g3 {[%clk 1:22:14]} O-O {[%clk 1:23:24]} 7. Bg2
{[%clk 1:22:25]} Nc6 {[%clk 1:22:50]} 8. O-O {[%clk 1:22:26]} a6 {[%clk 1:22:40]}
9. Nc2 {[%clk 1:14:29]} d6 {[%clk 1:20:05]} 10. b3 {[%clk 1:06:39]} Be6
{[%clk 1:13:07]} 11. Rb1 {[%clk 1:04:51]} Rc8 {[%clk 1:12:28]} 12. Ne3
{[%clk 1:02:18]} b5 {[%clk 0:57:57]} 13. cxb5 {[%clk 0:54:23]} Nb4
{[%clk 0:51:10]} 14. Bd2 {[%clk 0:31:15]} Nd7 {[%clk 0:43:22]} 15. Qe1
{[%clk 0:23:26]} axb5 {[%clk 0:42:35]} 16. Nxb5 {[%clk 0:23:21]} Nxa2
{[%clk 0:42:01]} 17. Ba5 {[%clk 0:23:24]} Qe8 {[%clk 0:41:07]} 18. Qd2
{[%clk 0:20:16]} Nc5 {[%clk 0:31:47]} 19. Na7 {[%clk 0:14:20]} Nc3
{[%clk 0:09:21]} 20. Bxc3 {[%clk 0:13:44]} 1-0

[Event "Chelyabinsk"]
[Site "?"]
[Date "2019.01.13"]
[Round "2.10"]
[White "Dauletova, Gulmira"]
[Black "Radzhabov, Rodion"]
[Result "0-1"]
[BlackElo "2329"]
[WhiteElo "2240"]
[LiveChessVersion "1.4.8"]

1. e4 {[%clk 1:30:53]} c5 {[%clk 1:30:57]} 2. Nf3 {[%clk 1:31:10]} Nc6
{[%clk 1:31:23]} 3. d4 {[%clk 1:31:24]} cxd4 {[%clk 1:31:51]} 4. Nxd4
{[%clk 1:31:47]} Qc7 {[%clk 1:32:18]} 5. Nc3 {[%clk 1:31:56]} e6 {[%clk 1:32:46]}
6. f4 {[%clk 1:32:00]} a6 {[%clk 1:33:01]} 7. Nxc6 {[%clk 1:32:15]} bxc6
{[%clk 1:32:47]} 8. Bd3 {[%clk 1:32:30]} d6 {[%clk 1:28:06]} 9. O-O
{[%clk 1:27:03]} Nf6 {[%clk 1:25:46]} 10. Qe2 {[%clk 1:23:28]} e5
{[%clk 1:25:11]} 11. Kh1 {[%clk 1:20:03]} Be7 {[%clk 1:21:51]} 12. Na4
{[%clk 1:16:51]} O-O {[%clk 1:18:57]} 13. c4 {[%clk 1:14:59]} Nd7
{[%clk 0:40:49]} 14. b3 {[%clk 1:13:03]} exf4 {[%clk 0:27:50]} 15. Bxf4
{[%clk 1:08:30]} Bf6 {[%clk 0:26:26]} 16. Rac1 {[%clk 0:59:41]} Be5
{[%clk 0:26:05]} 17. Qd2 {[%clk 0:50:50]} c5 {[%clk 0:24:19]} 18. Bb1
{[%clk 0:40:08]} Bb7 {[%clk 0:22:28]} 19. Rcd1 {[%clk 0:34:27]} Rad8
{[%clk 0:22:08]} 20. Bxe5 {[%clk 0:30:49]} Nxe5 {[%clk 0:21:57]} 21. Nc3
{[%clk 0:31:00]} Qe7 {[%clk 0:18:56]} 22. Qf4 {[%clk 0:29:19]} g6
{[%clk 0:15:19]} 23. Rd2 {[%clk 0:28:03]} Kg7 {[%clk 0:14:25]} 24. Nd1
{[%clk 0:20:18]} h6 {[%clk 0:05:46]} 25. Ne3 {[%clk 0:19:32]} Rfe8
{[%clk 0:05:19]} 26. Rfd1 {[%clk 0:14:14]} a5 {[%clk 0:05:12]} 27. h3
{[%clk 0:13:45]} Rd7 {[%clk 0:04:49]} 28. Qg3 {[%clk 0:08:03]} Kh7
{[%clk 0:04:45]} 29. h4 {[%clk 0:07:44]} Ra8 {[%clk 0:02:33]} 30. Rf1
{[%clk 0:05:06]} a4 {[%clk 0:02:39]} 31. Rdf2 {[%clk 0:05:12]} axb3
{[%clk 0:02:18]} 32. axb3 {[%clk 0:05:40]} Ra1 {[%clk 0:01:05]} 33. h5
{[%clk 0:02:29]} Qg5 {[%clk 0:01:14]} 34. hxg6+ {[%clk 0:02:47]} fxg6
{[%clk 0:01:24]} 35. Qxg5 {[%clk 0:00:51]} hxg5 {[%clk 0:01:53]} 36. Bc2
{[%clk 0:00:45]} Ra2 {[%clk 0:02:00]} 37. Bb1 {[%clk 0:00:38]} Ra1
{[%clk 0:02:19]} 38. Bc2 {[%clk 0:01:07]} Ra2 {[%clk 0:01:59]} 39. Bb1
{[%clk 0:01:35]} Rxf2 {[%clk 0:02:20]} 40. Rxf2 {[%clk 0:02:05]} Kg7
{[%clk 0:02:41]} 41. Kg1 {[%clk 0:00:38]} Nc6 {[%clk 0:02:06]} 42. Rd2
{[%clk 0:00:47]} Nd4 {[%clk 0:02:18]} 43. b4 {[%clk 0:01:05]} Re7
{[%clk 0:01:15]} 44. Nd5 {[%clk 0:00:39]} Bxd5 {[%clk 0:01:33]} 45. cxd5
{[%clk 0:01:08]} Rb7 {[%clk 0:01:48]} 46. Rb2 {[%clk 0:00:41]} Rxb4
{[%clk 0:01:09]} 47. Rxb4 {[%clk 0:01:10]} cxb4 {[%clk 0:01:35]} 48. Kf2
{[%clk 0:01:16]} Kf6 {[%clk 0:02:00]} 49. Ke3 {[%clk 0:01:18]} Ke5
{[%clk 0:02:26]} 50. Kd3 {[%clk 0:01:06]} Nb5 {[%clk 0:02:13]} 51. Bc2
{[%clk 0:00:53]} Nc3 {[%clk 0:02:19]} 52. Ke3 {[%clk 0:01:07]} g4
{[%clk 0:02:33]} 53. Bb3 {[%clk 0:00:37]} Nxe4 {[%clk 0:02:50]} 54. Bc2
{[%clk 0:00:58]} Nc3 {[%clk 0:03:12]} 55. Bxg6 {[%clk 0:01:21]} Nxd5+
{[%clk 0:03:34]} 56. Kd2 {[%clk 0:01:17]} Nf4 {[%clk 0:03:48]} 57. Bf7
{[%clk 0:00:41]} Nxg2 {[%clk 0:04:12]} 58. Bh5 {[%clk 0:00:47]} g3
{[%clk 0:04:27]} 0-1